| 000 | 00565nam a2200229 a 4500 | ||
|---|---|---|---|
| 001 | 0001-1422 | ||
| 003 | ELIB.Books | ||
| 008 | 160809 2010 eng | ||
| 020 | _aKBTS | ||
| 035 | _a(ELIB.Books)0001-1577 | ||
| 092 |
_a242 _bHod |
||
| 100 | _aHogan, Julie K. | ||
| 245 | _aGuideposts For the Spirit | ||
| 260 |
_aNashville _bIdeals Publications _c2004 |
||
| 300 |
_a256 _c19 Cm |
||
| 650 | _aDevotional Literature | ||
| 856 |
_nKBTS Library _uKBTS: ELIB |
||
| 942 |
_2ddc _cBK |
||
| 990 | _a1 | ||
| 998 |
_cbat _e2016-08-09 |
||
| 999 |
_c11422 _d11422 |
||